header

Human oncogenic viruses (Record no. 142174)

MARC details
000 -LEADER
fixed length control field 01329nam a2200337 a 4500
245 00 - TITLE STATEMENT
Title Human oncogenic viruses
260 ## - PUBLICATION, DISTRIBUTION, ETC. (IMPRINT)
Place of publication New Jersey :
Name of publisher World Scientific,
Year of publication c2010.
300 ## - PHYSICAL DESCRIPTION
Number of Pages xiv, 339 p. :
Other physical details ill. (some col.).
650 #0 - SUBJECT ADDED ENTRY--TOPICAL TERM
Topical Term Oncogenic viruses.
Topical Term Hepatitis viruses.
Topical Term Herpesviruses.
700 1# - ADDED ENTRY--PERSONAL NAME
Personal name Ou, J.-H. James
Personal name Yen, T. S. Benedict
856 40 - ELECTRONIC LOCATION AND ACCESS
Uniform Resource Identifier http://site.ebrary.com/lib/rucke/Doc?id=10422550

No items available.

© 2026 Rongo University
Contact us: librarian | system librarian | Rongo university